International Management (Record no. 5002)

MARC details
000 -LEADER
fixed length control field 00401nam a22001697a 4500
005 - DATE AND TIME OF LATEST TRANSACTION
control field 20180625121847.0
008 - FIXED-LENGTH DATA ELEMENTS--GENERAL INFORMATION
fixed length control field 160701b xxu||||| |||| 00| 0 eng d
020 ## - INTERNATIONAL STANDARD BOOK NUMBER
ISBN 978-81-265-2975-9
041 ## - LANGUAGE CODE
Language code of text/sound track or separate title eng
082 ## - DEWEY DECIMAL CLASSIFICATION NUMBER
Item number 20198
Classification number 658
100 ## - MAIN ENTRY--AUTHOR NAME
Personal name Meed Richard & andrews
245 ## - TITLE STATEMENT
Title International Management
260 ## - PUBLICATION, DISTRIBUTION, ETC. (IMPRINT)
Name of publisher Wiley
Year of publication 2011
300 ## - PHYSICAL DESCRIPTION
Number of Pages 442
650 ## - SUBJECT ADDED ENTRY--TOPICAL TERM
Topical Term Management
942 ## - ADDED ENTRY ELEMENTS (KOHA)
Koha item type Books
Holdings
Lost status Damaged status Collection code Home library Current library Shelving location Date acquired Cost, normal purchase price Full call number Accession Number Koha item type
    MANAGEMENT JRU Library JRU Library SHELF-36-D 01/07/2016 699.00 658 20198 Books
    MANAGEMENT JRU Library JRU Library SHELF-75-J 01/07/2016 699.00 658 20199 Books
      JRU Library   SHELF-29-G 01/07/2016 699.00 658 20200 Books